| 000 | 00933nam a2200253 a 4500 | ||
|---|---|---|---|
| 001 | adlib96000001 | ||
| 003 | ViArRB | ||
| 005 | 200902210153555.7 | ||
| 008 | 960221s1955 dcuabcdjdbkoqu001 0deng d | ||
| 020 | _a | ||
| 022 | _a | ||
| 040 | _aAdlib | ||
| 082 | _a54 | ||
| 245 | _aEnvironmental chemistry | ||
| 250 | _a | ||
| 260 |
_aNew York _bAcademic Press _c1976 |
||
| 300 |
_aix, 500p., illus. _c |
||
| 500 | _a | ||
| 100 |
_aMoore, John W _e |
||
| 700 |
_aMoore, Elizabeth A _a |
||
| 942 | _cBK | ||
| 653 |
_aChemistry _aSpectroscopy _aBiochemistry _aSpectrum analysis _aAcids _aBases- chemistry _aPhysical science _aScience _aChemistry _aSpectroscopy _aBiochemistry _aSpectrum analysis _aAcids _aBases- chemistry _aPhysical science _aScience _aChemical engineering _aBiotechnology _aChemical technology |
||
| 952 |
_w2010-06-16 _p00016033 _r2013-03-21 _40 _00 _bUL _10 _o54 MOO _d2010-06-16 _q2013-04-05 _70 _yBK _s2013-03-21 _l3 _aUL |
||
| 999 |
_c14644 _d14643 |
||